| 000 | 00885nam a2200265 a 4500 | ||
|---|---|---|---|
| 001 | 000023325 | ||
| 005 | 20200930022136.0 | ||
| 008 | 101202s1996 sp a r 000 | spa d | ||
| 020 | _a8440670826 | ||
| 040 |
_aDO-SdBNP _bspa _cBNPHU |
||
| 041 | 1 | 7 |
_aspa _heng _2Código de idioma MARC |
| 082 |
_a613.2 _bA873n |
||
| 100 | 1 |
_aAtkins, Robert C. _948038 |
|
| 240 | 1 | 0 |
_aDr. Atkins' New Diet Revolution. _lEspañol. |
| 245 | 1 | 3 |
_aLa nueva revolución dietética / _cRobert C. Atkins ; traducción Adolfo Martín. |
| 260 |
_aBarcelona : _bEdiciones B, _c1996. |
||
| 300 | _a511 p. ; 18 cm. | ||
| 490 | 1 |
_aDivulgación _v217 |
|
| 500 | _aIncluye índice temático | ||
| 534 |
_aTítulo original: _tDr. Atkins' New Diet Revolution. |
||
| 650 | 4 |
_aDietas de reducción _948039 |
|
| 650 | 4 |
_aDieta _930867 |
|
| 700 | 1 |
_aMartín, Adolfo, _etr. _95534 |
|
| 830 | 0 |
_aDivulgación ; _v217 _948040 |
|
| 999 |
_c22822 _d22822 |
||